<?xml version="1.0" encoding="UTF-8"?>
<record
    xmlns:xsi="http://www.w3.org/2001/XMLSchema-instance"
    xsi:schemaLocation="http://www.loc.gov/MARC21/slim http://www.loc.gov/standards/marcxml/schema/MARC21slim.xsd"
    xmlns="http://www.loc.gov/MARC21/slim">

  <leader>01159nam0a22002651  4500</leader>
  <controlfield tag="001">rc\3042824</controlfield>
  <controlfield tag="005">20260406140934.0</controlfield>
  <datafield tag="035" ind1=" " ind2=" ">
    <subfield code="a">(NLR Aleph) 007217154</subfield>
  </datafield>
  <datafield tag="090" ind1=" " ind2=" ">
    <subfield code="a">7686165</subfield>
    <subfield code="c">7686165</subfield>
  </datafield>
  <datafield tag="100" ind1=" " ind2=" ">
    <subfield code="a">20080317d1935    |||y0rusy50      ca</subfield>
  </datafield>
  <datafield tag="101" ind1="0" ind2=" ">
    <subfield code="a">rus</subfield>
  </datafield>
  <datafield tag="102" ind1=" " ind2=" ">
    <subfield code="a">RU</subfield>
  </datafield>
  <datafield tag="105" ind1=" " ind2=" ">
    <subfield code="a">y   z   ||||y</subfield>
  </datafield>
  <datafield tag="200" ind1="1" ind2=" ">
    <subfield code="a">&#x423;&#x440;&#x438;&#x44D;&#x43B;&#x44C; &#x410;&#x43A;&#x43E;&#x441;&#x442;&#x430;</subfield>
    <subfield code="e">&#x422;&#x440;&#x430;&#x433;&#x435;&#x434;&#x438;&#x44F; &#x432; 4 &#x430;&#x43A;&#x442;&#x430;&#x445;</subfield>
    <subfield code="e">[&#x41A; &#x43F;&#x43E;&#x441;&#x442;&#x430;&#x43D;&#x43E;&#x432;&#x43A;&#x435;]</subfield>
    <subfield code="f">&#x41A;. &#x413;&#x443;&#x446;&#x43A;&#x43E;&#x432;</subfield>
  </datafield>
  <datafield tag="210" ind1=" " ind2=" ">
    <subfield code="a">[&#x421;&#x442;&#x430;&#x43B;&#x438;&#x43D;&#x433;&#x440;&#x430;&#x434;]</subfield>
    <subfield code="c">&#x411;. &#x438;.</subfield>
    <subfield code="d">[1935]</subfield>
    <subfield code="g">&#x442;&#x438;&#x43F;&#x43E;-&#x43B;&#x438;&#x442;&#x43E;&#x433;&#x440;. &#x438;&#x437;&#x434;-&#x432;&#x430; "&#x421;&#x442;&#x430;&#x43B;&#x438;&#x43D;&#x433;&#x440;. &#x43F;&#x440;&#x430;&#x432;&#x434;&#x430;"</subfield>
  </datafield>
  <datafield tag="215" ind1=" " ind2=" ">
    <subfield code="a">[11] &#x441;.</subfield>
    <subfield code="d">21&#x445;13 &#x441;&#x43C;</subfield>
  </datafield>
  <datafield tag="604" ind1=" " ind2=" ">
    <subfield code="1">50010$a&#x423;&#x440;&#x438;&#x44D;&#x43B;&#x44C; &#x410;&#x43A;&#x43E;&#x441;&#x442;&#x430;$2nlr_sh1</subfield>
    <subfield code="1">700#1$a&#x413;&#x443;&#x446;&#x43A;&#x43E;&#x432;$b&#x41A;.$g&#x41A;&#x430;&#x440;&#x43B;$f1811-1878$4070</subfield>
    <subfield code="t">&#x423;&#x440;&#x438;&#x44D;&#x43B;&#x44C; &#x410;&#x43A;&#x43E;&#x441;&#x442;&#x430;</subfield>
    <subfield code="a">&#x413;&#x443;&#x446;&#x43A;&#x43E;&#x432;, &#x41A;&#x430;&#x440;&#x43B; (1811-1878)</subfield>
  </datafield>
  <datafield tag="605" ind1=" " ind2=" ">
    <subfield code="a">&#x88;"&#x89;&#x423;&#x440;&#x438;&#x44D;&#x43B;&#x44C; &#x410;&#x43A;&#x43E;&#x441;&#x442;&#x430;", &#x43F;&#x44C;&#x435;&#x441;&#x430;</subfield>
  </datafield>
  <datafield tag="702" ind1=" " ind2="1">
    <subfield code="4">570</subfield>
    <subfield code="8">rus</subfield>
    <subfield code="7">ca</subfield>
    <subfield code="a">&#x413;&#x443;&#x446;&#x43A;&#x43E;&#x432;</subfield>
    <subfield code="b">&#x41A;.</subfield>
    <subfield code="f">1811-1878</subfield>
    <subfield code="g">&#x41A;&#x430;&#x440;&#x43B;</subfield>
    <subfield code="3">RU\NLR\auth\7752969</subfield>
    <subfield code="9">35902</subfield>
  </datafield>
  <datafield tag="710" ind1="0" ind2="2">
    <subfield code="a">&#x412;&#x43E;&#x43B;&#x433;&#x43E;&#x433;&#x440;&#x430;&#x434;&#x441;&#x43A;&#x438;&#x439; &#x434;&#x440;&#x430;&#x43C;&#x430;&#x442;&#x438;&#x447;&#x435;&#x441;&#x43A;&#x438;&#x439; &#x442;&#x435;&#x430;&#x442;&#x440; &#x438;&#x43C;. &#x413;&#x43E;&#x440;&#x44C;&#x43A;&#x43E;&#x433;&#x43E;</subfield>
    <subfield code="3">RU\NLR\AUTH\889919999</subfield>
    <subfield code="9">336241</subfield>
  </datafield>
  <datafield tag="801" ind1=" " ind2="0">
    <subfield code="a">RU</subfield>
    <subfield code="b">NLR</subfield>
    <subfield code="g">psbo</subfield>
  </datafield>
  <datafield tag="801" ind1=" " ind2="1">
    <subfield code="a">RU</subfield>
    <subfield code="b">ELAR</subfield>
    <subfield code="2">rusmarc</subfield>
  </datafield>
  <datafield tag="852" ind1=" " ind2=" ">
    <subfield code="a">NLR</subfield>
    <subfield code="j">35-10/2583</subfield>
  </datafield>
  <datafield tag="942" ind1=" " ind2=" ">
    <subfield code="c">BOOK</subfield>
  </datafield>
  <datafield tag="980" ind1=" " ind2=" ">
    <subfield code="a">NB</subfield>
  </datafield>
  <datafield tag="995" ind1=" " ind2=" ">
    <subfield code="5">2013-10-26</subfield>
    <subfield code="b">NLR02</subfield>
    <subfield code="c">NLR02</subfield>
    <subfield code="e">RFS</subfield>
    <subfield code="f">7217154-10</subfield>
    <subfield code="k">35-10/2583</subfield>
    <subfield code="o">0</subfield>
    <subfield code="r">BOOK</subfield>
    <subfield code="s">35102583_</subfield>
  </datafield>
</record>
